01235nam a2200313 a 4500001001200000003000800012006001900020007001500039008004100054010001700095020001500112040002100127035002100148050002300169082001700192100002300209245008600232260005900318300002300377490005800400504006600458533015200524650001900676650003700695655002900732710001700761856012600778999001700904ebr10312583CaPaEBRm u cr cn|||||||||040308s2005 njua sb 001 0 eng  z 2004103591 z0691120161 aCaPaEBRcCaPaEBR a(OCoLC)43694384714aQA377b.O94 2005eb04a515/.3532221 aOuhabaz, El Maati.10aAnalysis of heat equations on domainsh[electronic resource] /cEl Maati Ouhabaz. aPrinceton, N.J. :bPrinceton University Press,cc2005. axi, 284 p. :bill.0 aLondon mathematical society monograph series ;vv. 31 aIncludes bibliographical references (p. [265]-282) and index. aElectronic reproduction.bPalo Alto, Calif. :cebrary,d2013.nAvailable via World Wide Web.nAccess may be limited to ebrary affiliated libraries. 0aHeat equation. 0aHeatxTransmissionxMeasurement. 7aElectronic books.2local2 aebrary, Inc.40uhttp://site.ebrary.com/lib/rucke/Doc?id=10312583zAn electronic book accessible through the World Wide Web; click to view c63325d63325